000 00293pam a2200133 a 4500
020 _c
041 _h
082 _a658
_bDAF
100 _aDaft,R.L.
245 _aPrinciples Of Management
_hTextual Documents
260 _aNew Delhi
_bCengage Learning
_c2009
300 _a684
930 _a6093
999 _c112921
_d112921